Vybrané charakteristiky reálnej hodnoty derivátových kontraktov
Pojem zabezpečovacie účtovníctvo (hedge accounting) podľa IAS 39. Kritériá pre získanie hedgingového účtovníctva. Čo môže byť klasifikované ako hedgovaná položka. Hedgingový nástroj.
Na minha lista:
| Autor principal: | |
|---|---|
| Formato: | Capítulo de Livro |
| Idioma: | eslovaco |
| Assuntos: | |
| Tags: |
Sem tags, seja o primeiro a adicionar uma tag!
|
MARC
| LEADER | 00000nla$a2200000$$$4500 | ||
|---|---|---|---|
| 001 | 0074937 | ||
| 005 | 20240502071900.7 | ||
| 041 | 0 | |a slo | |
| 044 | |a SK | ||
| 245 | 1 | 0 | |a Vybrané charakteristiky reálnej hodnoty derivátových kontraktov |c Gabriela Ponecová |
| 520 | |a Pojem zabezpečovacie účtovníctvo (hedge accounting) podľa IAS 39. Kritériá pre získanie hedgingového účtovníctva. Čo môže byť klasifikované ako hedgovaná položka. Hedgingový nástroj. | ||
| 610 | 2 | 0 | |a účtovníctvo finančné |
| 610 | 2 | 0 | |a deriváty |
| 610 | 2 | 0 | |a hedging |
| 610 | 2 | 0 | |a nástroje finančné |
| 610 | 2 | 0 | |a riziko finančné |
| 610 | 2 | 0 | |a pohľadávky |
| 610 | 2 | 0 | |a záväzky |
| 100 | 1 | |a Ponecová, Gabriela | |